Yugoslavia country quiz - Statistics

General Stats
  • This quiz has been taken 369 times
  • The average score is 14 of 17
Answer Stats
Hint Answer % Correct
Serbia
100%
Bosnia and Herzegovina
99%
Croatia
99%
Slovenia
98%
Montenegro
97%
Modern countries once inside Yugoslavia North Macedonia
96%
Kosovo
95%
Capital City Belgrade
94%
It was known as, "The Kingdom of the... Serbs
82%
Croats
79%
Item depicted on the flag Star
73%
Group that made up the majority of Yugoslavia Slavs
71%
Yugo (Jug,) means what in Slavic tongue South/ Southern
69%
Albanian
67%
Yugoslavia was formed after what major event WW1
67%
and Slovenes
60%
Non-Slavic languages that were sometimes spoken in Yugoslavia Romanian
52%
No matching quizzes found
Score Distribution
Percent of People with Each Score
Percentile by Number Answered
Your Score History
You have not taken this quiz